Obra completa / (Registro nro. 14616)

Detalles MARC
000 -LIDER
fixed length control field 01238nam a22003257a 4500
003 - IDENTIFICACDOR DE NÚMERO DE CONTROL
control field DO-SdBNP
005 - DATE AND TIME OF LATEST TRANSACTION
control field 20240405113756.0
008 - ELEMENTOS DE LONGITUD FIJA
fixed length control field 160624b1996 dr ||| 00| 0 spa d
020 ## - ISBN
International Standard Book Number (Obra completa)
040 ## - FUENTE DE CATALOGACIÓN
Agencia que crea de manera original el registro BPMSU
Idioma de catalogación spa
Agencia que realiza la transcripción BPMSU
082 ## - NÚMERO DE CLASIFICACIÓN DECIMAL DE DEWEY
Classification number RD868.3
Item number D353o 1996
Edition number 22
092 ## - LOCALLY ASSIGNED DEWEY DECIMAL CALL NUMBER
Número de clasificación
Número de ítem (Cutter)
100 1# - ASIENTO PRINCIPAL -- NOMBRE PERSONAL
Nombre personal Deligne, Gastón F,
Fechas asociadas con el nombre 1861-1913
245 10 - MENCIÓN DE TITULO
Título Obra completa /
Mención de responsabilidad Gastón F. Deligne ; estudio y notas de Abelardo Vicioso ; edición Andrés Blanco Díaz.
260 ## - PUBLICACIÓN, DISTRIBUCIÓN, ETC. (PIE DE IMPRENTA)
Lugar de publicación, distribución, etc Santo Domingo :
Nombre del editor, distribuidor, etc. Ediciones de la Fundación Corripio,
Fecha de publicación, distribución, etc 1996
300 ## - DESCRIPCIÓN FÍSICA
Extensión v. :
Dimensiones 21 cm.
490 0# - MENCIÓN DE SERIES
Materiales especificados Biblioteca de clásicos dominicanos,
Volume/sequential designation 25
500 ## - NOTA GENERAL
Materiales especificados Incluye referencias bibliográficos y notas al pie de las páginas
505 0# - NOTA DE CONTENIDO
Información miscelánea v. 2 : Galaripsos y prosas
590 ## - NOTA LOCAL
Texto de la nota local Inventariado, 2024/VM
600 14 - ENCABEZAMIENTO DE MATERIA--NOMBRE PERSONAL
Nombre personal Deligne, Gastón F.,
Fechas asociadas con el nombre 1861-1913
Subdivisión temática general Crítica e interpretación
650 #4 - ENCABEZAMIENTO DE MATERIA--TEMÁTICO
Término temático o nombre geográfico como elemento de entrada Literatura dominicana
Subdivisión temática general Historia y crítica
650 #4 - ENCABEZAMIENTO DE MATERIA--TEMÁTICO
Término temático o nombre geográfico como elemento de entrada Autores dominicanos
Subdivisión temática general Entrevistas
651 #4 - ENCABEZAMIENTO DE MATERIA--NOMBRE GEOGRÁFICO
Nombre geográfico República Dominicana
Subdivisión temática general Biografías
651 #4 - ENCABEZAMIENTO DE MATERIA--NOMBRE GEOGRÁFICO
Nombre geográfico República Dominicana
Subdivisión temática general Historia
700 1# - ASIENTO SECUNDARIO -- NOMBRE PERSONAL
Nombre personal Rueda, Manuel,
Fechas asociadas con el nombre 1921-1999
Mención de responsabilidad
700 1# - ASIENTO SECUNDARIO -- NOMBRE PERSONAL
Nombre personal Blanco Díaz, Andrés
Mención de responsabilidad ed.
910 ## - VALIDACIÓN
Validación VMateo V. Control de calidad. BPMSU
942 ## - ADDED ENTRY ELEMENTS (KOHA)
Source of classification or shelving scheme Dewey Decimal Classification
Koha item type Libros
Existencias
Withdrawn status Lost status Source of classification or shelving scheme Damaged status Not for loan Collection code Home library Current library Date acquired Total Checkouts Full call number Barcode Date last seen Price effective from Koha item type
    Dewey Decimal Classification     Colección Dominicana Biblioteca Pública Metropolitana Salomé Ureña Biblioteca Pública Metropolitana Salomé Ureña 04/04/2024   BPMSU CD RD868.3 D353o 1996 BPMSU24040002 04/04/2024 04/04/2024 Libros